000 00254nam a22001097a 4500
082 _a425
_bFER/K
100 _aFERLIN,M
245 _aDONDO'S MODERN FRENCH COURSE
260 _aMADRAS
_bOXFORD UNIVERSITY PRESS
650 _aFRENCH COURSE
_zINDIA
942 _cBK
999 _c3710
_d3710